[Event "BEL-ch U16"]
[Site "Blankenberge"]
[Date "2014.04.15"]
[Round "4"]
[White "Roessler, Nicolas"]
[Black "Steegmans, Pieter"]
[Result "0-1"]
[WhiteElo "1380"]
[BlackElo "1150"]
[PlyCount "116"]
[EventDate "2014.04.??"]
[EventType "swiss"]
[EventRounds "9"]
[EventCountry "BEL"]
[SourceTitle "EXT 2015"]
[Source "ChessBase"]
[SourceDate "2014.11.20"]
[SourceVersion "1"]
[SourceVersionDate "2014.11.20"]
[SourceQuality "1"]

1. e4 e5 2. Nf3 Nc6 3. Bc4 Bc5 4. c3 Nf6 5. b4 Bb6 6. d3 0-0 7. a4 a6 8. Bg5 d6 9. 0-0 Be6 10. Nbd2 h6 11. Bh4 Kh8 12. Re1 Rg8 13. Qb3 Qe7 14. Bxe6 Qxe6 15. Qc2 Ne7 16. Nc4 Ba7 17. Rad1 b5 18. Ne3 c6 19. a5 Rac8 20. c4 Bxe3 21. Rxe3 Ng6 22. Bxf6 gxf6 23. Kf1 Nf4 24. Ne1 Rg6 25. Rg3 Nh5 26. Rxg6 fxg6 27. g3 Ng7 28. Kg2 Qd7 29. Nf3 Ne6 30. Rc1 Rc7 31. h3 c5 32. Qd2 g5 33. h4 Kg7 34. hxg5 fxg5 35. Kh2 Qf7 36. Kg2 Qd7 37. Kg1 g4 38. Nh4 Nd4 39. cxb5 Nb3 40. Nf5+ Qxf5 41. exf5 Nxd2 42. bxa6 Nf3+ 43. Kg2 Nd4 44. bxc5 dxc5 45. a7 Rxa7 46. Rxc5 Kf6 47. Rc8 Kxf5 48. Rf8+ Kg5 49. Rg8+ Kh5 50. f4 exf4 51. gxf4 Rxa5 52. Rf8 Rf5 53. Rxf5+ Nxf5 54. Kh2 Kh4 55. Kg2 g3 56. Kg1 Kh3 57. Kh1 g2+ 58. Kg1 h5 0-1

[Event "BEL-ch U16"]
[Site "Blankenberge"]
[Date "2014.04.14"]
[Round "2"]
[White "Roessler, Nicolas"]
[Black "Raats, Joran"]
[Result "1-0"]
[WhiteElo "1380"]
[BlackElo "1150"]
[PlyCount "87"]
[EventDate "2014.04.??"]
[EventType "swiss"]
[EventRounds "9"]
[EventCountry "BEL"]
[SourceTitle "EXT 2015"]
[Source "ChessBase"]
[SourceDate "2014.11.20"]
[SourceVersion "1"]
[SourceVersionDate "2014.11.20"]
[SourceQuality "1"]

1. e4 e5 2. Nf3 Nc6 3. d4 d6 4. d5 Nd4 5. Nxd4 exd4 6. Qxd4 Nf6 7. Nc3 g6 8. Bb5+ Bd7 9. Bxd7+ Nxd7 10. Qxh8 Qf6 11. Qxh7 Ne5 12. Qh3 Bg7 13. Qg3 Nd7 14. Nb5 0-0-0 15. Nxa7+ Kb8 16. Nb5 Nc5 17. Nc3 Qe7 18. f3 Bxc3+ 19. bxc3 Na4 20. Bd2 Nb2 21. 0-0 Nc4 22. Qf2 Nxd2 23. Qxd2 Qd7 24. Rab1 Qa4 25. Rb2 Qa6 26. Rfb1 b6 27. Qd4 Kb7 28. a4 Ra8 29. Ra1 Qa5 30. Rb5 Qxb5 31. axb5 Rxa1+ 32. Kf2 Rb1 33. c4 Rh1 34. h3 f5 35. exf5 gxf5 36. Qf4 Rd1 37. h4 Ra1 38. h5 Ra8 39. h6 Rh8 40. Qg5 Rf8 41. h7 f4 42. Qg7 Ra8 43. h8Q Rxh8 44. Qxh8 1-0

[Event "BEL-ch U16"]
[Site "Blankenberge"]
[Date "2014.04.13"]
[Round "1"]
[White "Sterck, Arno"]
[Black "Roessler, Nicolas"]
[Result "1-0"]
[WhiteElo "1887"]
[BlackElo "1380"]
[PlyCount "59"]
[EventDate "2014.04.??"]
[EventType "swiss"]
[EventRounds "9"]
[EventCountry "BEL"]
[SourceTitle "EXT 2015"]
[Source "ChessBase"]
[SourceDate "2014.11.20"]
[SourceVersion "1"]
[SourceVersionDate "2014.11.20"]
[SourceQuality "1"]

1. e4 e5 2. Nf3 Nc6 3. d4 exd4 4. Nxd4 Bc5 5. Nb3 Bb6 6. Nc3 Nge7 7. Bd3 d6 8. Qe2 Ng6 9. Bd2 Nce5 10. 0-0-0 Nh4 11. h3 a5 12. a4 Be6 13. f4 Nxd3+ 14. Qxd3 Bxb3 15. cxb3 Ng6 16. h4 h6 17. h5 Ne7 18. Kb1 Qd7 19. Be3 Bxe3 20. Qxe3 Qg4 21. g3 0-0 22. Rh4 Qe6 23. g4 Qxb3 24. g5 hxg5 25. fxg5 d5 26. h6 dxe4 27. hxg7 Rfd8 28. Rh8+ Kxg7 29. Rhxd8 Rxd8 30. Rxd8 1-0